<?xml version="1.0" encoding="UTF-8"?>
<record
    xmlns:xsi="http://www.w3.org/2001/XMLSchema-instance"
    xsi:schemaLocation="http://www.loc.gov/MARC21/slim http://www.loc.gov/standards/marcxml/schema/MARC21slim.xsd"
    xmlns="http://www.loc.gov/MARC21/slim">

  <leader>00915nab a2200265uuc4500</leader>
  <controlfield tag="001">1277164</controlfield>
  <controlfield tag="005">20260317101112.0</controlfield>
  <controlfield tag="008">120322                             eng  </controlfield>
  <datafield tag="035" ind1=" " ind2=" ">
    <subfield code="a">1277164</subfield>
  </datafield>
  <datafield tag="035" ind1=" " ind2=" ">
    <subfield code="a">(OCoLC)820633876</subfield>
  </datafield>
  <datafield tag="040" ind1=" " ind2=" ">
    <subfield code="c">comduadb</subfield>
  </datafield>
  <datafield tag="041" ind1=" " ind2=" ">
    <subfield code="a">eng</subfield>
  </datafield>
  <datafield tag="100" ind1="1" ind2="0">
    <subfield code="a">Zojer, Heidi</subfield>
    <subfield code="4">aut</subfield>
    <subfield code="e">aut</subfield>
    <subfield code="9">637973</subfield>
  </datafield>
  <datafield tag="245" ind1="1" ind2="0">
    <subfield code="a">Cultural references in subtitles : A measuring device for interculturality?</subfield>
  </datafield>
  <datafield tag="650" ind1=" " ind2=" ">
    <subfield code="a">Audiovisual translation</subfield>
    <subfield code="9">179175</subfield>
  </datafield>
  <datafield tag="650" ind1=" " ind2="7">
    <subfield code="a">Traducci&#xF3;n audiovisual</subfield>
    <subfield code="2">embne</subfield>
    <subfield code="9">146083</subfield>
  </datafield>
  <datafield tag="650" ind1=" " ind2=" ">
    <subfield code="a">Subtitling</subfield>
    <subfield code="9">85357</subfield>
  </datafield>
  <datafield tag="650" ind1=" " ind2=" ">
    <subfield code="a">Subtitulaje</subfield>
    <subfield code="9">85970</subfield>
  </datafield>
  <datafield tag="650" ind1=" " ind2=" ">
    <subfield code="a">Interculturality</subfield>
    <subfield code="9">183310</subfield>
  </datafield>
  <datafield tag="650" ind1=" " ind2="0">
    <subfield code="a">Interculturalidad</subfield>
    <subfield code="9">155225</subfield>
  </datafield>
  <datafield tag="650" ind1=" " ind2=" ">
    <subfield code="a">Dubbing of motion pictures</subfield>
    <subfield code="9">106567</subfield>
  </datafield>
  <datafield tag="650" ind1=" " ind2=" ">
    <subfield code="a">Doblaje de pel&#xED;culas</subfield>
    <subfield code="9">106569</subfield>
  </datafield>
  <datafield tag="773" ind1="0" ind2=" ">
    <subfield code="t">Babel : Revue Internationale de la Traduction (Holanda)</subfield>
    <subfield code="g">Volumen 57, N&#xFA;mero 04, 2011, p. 394-413</subfield>
    <subfield code="w">683747</subfield>
    <subfield code="x">0521-9744</subfield>
    <subfield code="0">204821</subfield>
  </datafield>
  <datafield tag="942" ind1=" " ind2=" ">
    <subfield code="c">ARIMP</subfield>
  </datafield>
  <datafield tag="999" ind1=" " ind2=" ">
    <subfield code="c">611983</subfield>
    <subfield code="d">611983</subfield>
  </datafield>
</record>
